000 00746nam a2200217Ia 4500
999 _c39480
_d39480
001 6074
003 GE_BSU
005 20190920174017.0
008 181216s1975||||ge |||||||||||||| ||geo||
040 _cGE_BSU
041 _ageo
080 _a821.353.1-1 ა-80
100 _aართილაყვა, რევაზ
_94206
245 _aაგუნა /
_cრევაზ ართილაყვა ; რედ. შოთა ზოიძე.
264 _aბათუმი :
_bსაბჭოთა აჭარა ;
_c1975.
300 _a94 გვ. ;
_c17 სმ.
653 _aაგუნა
653 _aლექსები
700 _aზოიძე, შოთა
_eრედაქტორი
_94207
942 _cBK
_2udc